Rolníci nezchudnou, připlatíme jim
Vzrast dotácií zo štátneho rozpočtu a z Únie českým poľnohospodárom v 1. roku po vstupe do EÚ. Kvóty pre produkty. Zvýšenie výkupných cien produktov.
Guardado en:
| Autor principal: | |
|---|---|
| Formato: | Capítulo de libro |
| Lenguaje: | checo |
| Materias: | |
| Etiquetas: |
Sin Etiquetas, Sea el primero en etiquetar este registro!
|
MARC
| LEADER | 00000naa a2200000 4500 | ||
|---|---|---|---|
| 001 | r047776 | ||
| 005 | 20231004070949.6 | ||
| 041 | 0 | |a cze | |
| 044 | |a CZ | ||
| 245 | 1 | 0 | |a Rolníci nezchudnou, připlatíme jim |c Alice Olbrichová |
| 520 | |a Vzrast dotácií zo štátneho rozpočtu a z Únie českým poľnohospodárom v 1. roku po vstupe do EÚ. Kvóty pre produkty. Zvýšenie výkupných cien produktov. | ||
| 610 | 2 | 0 | |a dotácie |
| 610 | 2 | 0 | |a dotácie štátne |
| 610 | 2 | 0 | |a Európska únia |
| 610 | 2 | 0 | |a spolupráca hospodárska medzinárodná |
| 610 | 2 | 0 | |a produkty |
| 610 | 2 | 0 | |a poľnohospodárstvo |
| 610 | 2 | 0 | |a Česko |
| 100 | 1 | |a Olbrichová, Alice | |